| 000 | 00598cam a2200181 4500500 | ||
|---|---|---|---|
| 005 | 20260405003936.0 | ||
| 041 | _afre | ||
| 042 | _adc | ||
| 100 | 1 | 0 |
_aEltchaninoff, Michel _eauthor |
| 245 | 0 | 0 | _aVous n’aurez pas mon joli mai ! La chronique de Michel Eltchaninoff |
| 260 | _c2025. | ||
| 500 | _a96 | ||
| 690 | _aFrançois Bayrou | ||
| 690 | _aMichel Eltchaninoff | ||
| 690 | _aVacances | ||
| 786 | 0 | _nPhilosophie magazine | 192 | 9 | 2025-09-01 | p. 41-43 | 1951-1787 | |
| 856 | 4 | 1 | _uhttps://shs.cairn.info/magazine-philosophie-magazine-2025-9-page-41?lang=fr&redirect-ssocas=7080 |
| 999 |
_c2072319 _d2072319 |
||